[Event "56th Rubinstein Memorial C 2020"]
[Site "Polanica Zdroj"]
[Date "2020.08.16"]
[Round "2.6"]
[White "Raczek, Krzysztof"]
[Black "Iwanczuk, Krzysztof"]
[Result "1-0"]
[WhiteElo "1712"]
[BlackElo "1929"]
[Annotator "TA"]
[PlyCount "115"]
[EventDate "2020.08.15"]
[EventType "swiss"]
[EventCountry "POL"]
[SourceTitle "playchess.com"]
[Source "ChessBase"]
[SourceQuality "1"]

{[%evp 29,115,47,52,43,45,50,59,48,165,73,62,40,59,50,68,64,68,62,56,14,8,2,2,2,4,2,16,23,15,16,22,23,16,16,18,33,37,14,14,6,10,0,0,0,0,0,0,0,0,0,0,0,143,-159,0,0,8,0,580,576,2206,991,962,1040,29976,29974,29984,29978,29979,29980,29980,29981,29981,29982,29991,29992,29992,29990,29990,29991,29994,29995,29995,29996,29997,29997,29998,29999]} 1. e4 c5 2. Nf3 Nc6 3. d4 cxd4 4. Nxd4 g6 5. c4 Nf6 6. Nc3 d6 7. Be2 Bg7 8. Be3 O-O 9. O-O Nxd4 10. Bxd4 Bd7 11. Qd2 Bc6 12. f3 a5 13. b3 Nd7 14. Be3 Nc5 15. Rab1 e6 16. Rfd1 {B38: Sicilian: Maroczy Bind with 5...Bg7 and 7...0-0.} Be5 17. g3 f5 {[%cal Rf5e4]} 18. exf5 {White is slightly better.} Rxf5 {[#]} (18... Qf6 $14) 19. Bxc5 $146 (19. Nb5 $1 $18 Bxb5 20. cxb5) ({Predecessor:} 19. Nb5 Qf8 20. f4 Ne4 21. Qd3 Bh8 22. Bg4 Qh6 23. Na7 Rxa7 24. Bxa7 e5 25. Bf3 Nf6 26. Bxc6 bxc6 27. Qxd6 Ng4 28. Qe6+ Rf7 29. Qxg4 exf4 30. Rd8+ {1-0 (30) Dias,I (2194)-Pintor,S (2028) Matosinhos 2016}) 19... Bxc3 $16 20. Qxd6 Qxd6 21. Bxd6 Bxf3 22. Bxf3 Rxf3 23. Kg2 Rf7 24. a3 e5 25. Rbc1 Bd4 26. Rc2 Rf6 27. c5 Rc8 28. Re2 Bxc5 29. Rc2 Rd8 $1 {[%cal Rd8d6]} 30. Rxc5 Rdxd6 31. Rxd6 Rxd6 32. Rxa5 $11 {[%mdl 4096] Endgame KR-KR} Rd2+ 33. Kf1 Rxh2 34. Rb5 Kf7 35. Rxb7+ Ke6 36. a4 {[%cal Ba3a4,Ba4a5,Ba5a6,Ba6a7][%mdl 32]} h5 37. a5 Ra2 38. b4 Kf5 39. Rb6 g5 40. a6 Kg4 (40... Ke4 $11) 41. Rc6 $2 {[%mdl 8192]} (41. b5 $16 {is necessary to keep the advantage.}) 41... e4 $2 ({Black should play} 41... Kxg3 $17 42. Rc3+ Kf4) 42. b5 {Threatens to win with Rc7.} Kf3 {( -> ...Ra1+)} ({Not} 42... Kxg3 $2 43. Rc7 $18) 43. Rf6+ Kxg3 $2 {[%mdl 8192] [#] White now steadily converts the win.} (43... Ke3 $1 $11 {and Black has nothing to worry.}) 44. Rf7 $1 $18 h4 45. a7 h3 46. b6 {b7 would kill now.} h2 47. Rh7 {White mates.} g4 48. Rxh2 Kxh2 {KR-KPP} 49. b7 g3 50. b8=Q {[%cal Rb8h8]} Ra1+ 51. Ke2 Rxa7 52. Qxa7 g2 53. Qh7+ Kg3 54. Qg6+ Kh2 55. Qh5+ Kg3 56. Qg5+ Kh2 57. Qh4+ Kg1 58. Ke3 {Accuracy: White = 81%, Black = 73%.} 1-0

[Event "56th Rubinstein Memorial C 2020"]
[Site "Polanica Zdroj"]
[Date "2020.08.16"]
[Round "2.7"]
[White "Mazalon, Mariusz"]
[Black "Panczuk, Grzegorz"]
[Result "1-0"]
[WhiteElo "1980"]
[BlackElo "1695"]
[Annotator "TA"]
[PlyCount "77"]
[EventDate "2020.08.15"]
[EventType "swiss"]
[EventCountry "POL"]
[SourceTitle "playchess.com"]
[Source "ChessBase"]
[SourceQuality "1"]

{[%evp 13,77,-2,33,21,28,10,33,0,0,7,20,27,39,35,34,37,73,72,71,70,110,93,143,134,141,138,243,230,223,99,254,255,247,250,244,245,233,239,241,198,209,195,199,200,228,225,256,236,263,234,224,133,135,135,134,129,181,173,181,174,592,542,816,781,1476,1513]} 1. d4 Nf6 2. Nf3 g6 3. c4 d5 4. Nc3 Bg7 5. e3 O-O 6. Qb3 c6 7. Bd2 Qb6 8. cxd5 {D95: Grünfeld: 4 Nf3 Bg7 5 e3 0-0 6 Qb3.} cxd5 {[#]} 9. Be2 $146 ({Predecessor:} 9. Ne5 Nc6 10. Qxb6 axb6 11. Nxc6 bxc6 12. Bd3 Nd7 13. O-O e5 14. dxe5 Nxe5 15. Be2 Nc4 16. Bxc4 dxc4 17. e4 b5 18. a3 Re8 19. Rad1 f5 20. f3 Bd4+ 21. Kh1 {½-½ (21) Gaerths,R (2189)-Pluemer,D (2232) Berlin 2003}) 9... Nc6 10. O-O {White is slightly better.} Qxb3 11. axb3 Bf5 12. Rfc1 a6 13. Na4 Ne4 14. Be1 e5 15. dxe5 Nxe5 16. Nd4 Rac8 17. Nb6 Rxc1 18. Rxc1 Be6 {[#]} 19. Rc7 $1 Rb8 (19... Nc6 $16 {keeps fighting.}) 20. f3 Nd6 21. Bg3 (21. Nxe6 $18 {and the rest is easy.} fxe6 {[#]} 22. Rxg7+ $1 {[%mdl 512]} Kxg7 23. Bc3) 21... Rd8 $2 {This move loses the game for Black.} (21... Nf5 $16 {was worth a try.}) 22. Nxe6 $18 fxe6 {[#]} 23. Rxg7+ $1 {[%mdl 576] Remove Defender} Kxg7 24. Bxe5+ Kf7 25. Kf2 Nf5 26. e4 dxe4 27. fxe4 Nd4 28. Bc4 Nc6 29. Bc3 Rd1 30. Be2 Rc1 31. Nc4 Ke7 32. Ne5 (32. b4 $18) 32... Rxc3 $16 {[#]} 33. Nxg6+ $1 {[%mdl 512]} Kf6 (33... hxg6 34. bxc3) 34. bxc3 hxg6 {KB-KN} (34... Kxg6 $16 {was called for.} 35. Ke3 Kf6) 35. h4 $18 Na5 36. b4 Nb3 $2 (36... Nc6 {is tougher.} 37. Bd3 g5) 37. Ke3 {White is clearly winning.} Ke5 {and the idea ...a5 leaves Black hopeful.} 38. Bd1 Na1 39. g4 {Accuracy: White = 77%, Black = 37%.} 1-0

[Event "56th Rubinstein Memorial C 2020"]
[Site "Polanica Zdroj"]
[Date "2020.08.16"]
[Round "2.8"]
[White "Jankowski, Aleksander"]
[Black "Kawalko, Adam"]
[Result "1/2-1/2"]
[WhiteElo "1692"]
[BlackElo "1950"]
[Annotator "TA"]
[PlyCount "78"]
[EventDate "2020.08.15"]
[EventType "swiss"]
[EventCountry "POL"]
[SourceTitle "playchess.com"]
[Source "ChessBase"]
[SourceQuality "1"]

{[%evp 11,78,18,27,20,19,24,27,27,48,49,49,45,66,65,127,63,111,76,108,-35,-41,-48,-28,-121,102,90,87,59,168,147,176,163,166,133,328,314,342,43,52,64,57,47,215,215,214,211,200,195,172,179,196,205,218,211,205,62,52,52,58,59,39,33,40,47,60,-9,-8,-27,-24]} 1. d4 Nf6 2. c4 e6 3. Nf3 c5 4. g3 cxd4 5. Nxd4 Bb4+ 6. Bd2 Be7 7. Bg2 {A32: Symmetrical English: 2 Nf3 Nf6 3 d4 cxd4 4 Nxd4 e6.} O-O 8. Nc3 Nc6 9. Bf4 {White has an edge.} Nh5 10. Be3 a6 11. O-O f5 12. Na4 {[#]} Ne5 $146 (12... f4 $14 13. Nxc6 bxc6) ({Predecessor:} 12... f4 13. Nxc6 bxc6 14. Bd4 fxg3 15. hxg3 Bf6 16. e4 Bxd4 17. Qxd4 Qc7 18. e5 g6 19. Nc5 Ng7 {½-½ (41) Pavlovic,M (2482)-Boe,O (1885) Oslo 2018}) 13. Qc1 (13. Rc1 $16) 13... Ng4 14. Rd1 {Strongly threatening Nxe6!} Qc7 {next ...f4 is good for Black.} 15. Bf3 (15. Bg5 $16 Ngf6 16. c5) 15... Nxe3 $15 16. Qxe3 f4 $1 {[%cal Rf4e3]} 17. Qe4 (17. Qd3 $11 {keeps the balance.}) 17... g6 $2 (17... fxg3 $17 18. hxg3 Nxg3) 18. Bxh5 $1 $16 gxh5 19. Rac1 Rf7 {[#]} ({Better is} 19... fxg3 $14 20. fxg3 (20. hxg3 h4 $14) 20... h4) 20. c5 $1 $18 fxg3 21. hxg3 h4 22. Rc3 Rg7 $2 (22... Rb8 $16 {keeps fighting.}) 23. Rdd3 Bf6 24. Rf3 $2 ({White should play} 24. Nb6 $18 Rb8 {[#]} 25. Nf5 $1 {[%mdl 576] Back Rank}) 24... Qe5 $14 25. Qxe5 Bxe5 26. Rcd3 {Hoping for Nxe6!} hxg3 $2 {[#]} (26... Bc7 $14) 27. Nxe6 $1 $18 {[%csl Ge6][%cal Rf3f8][%mdl 512]} gxf2+ (27... dxe6 28. Rd8#) 28. Kxf2 {[%csl Ge6][%cal Rf3f8]} Rf7 29. Rxf7 Kxf7 30. Ng5+ Kg6 31. Nf3 Bc7 32. Nd2 Bf4 33. Ne4 (33. e3 $18 Bh2 34. Nb6) 33... d5 $1 $14 {[%cal Rd5e4]} 34. cxd6 {Black must now prevent Kf3.} Bf5 35. Nac3 Rd8 36. Kf3 Be5 37. Rd5 Bxe4+ 38. Kxe4 (38. Nxe4 $14 Kf5 39. Rd1) 38... Bxd6 $11 39. Kf3 Be7 {Black escapes into a draw. Accuracy: White = 58%, Black = 54%.} 1/2-1/2

[Event "56th Rubinstein Memorial C 2020"]
[Site "Polanica Zdroj"]
[Date "2020.08.16"]
[Round "2.8"]
[White "Jankowski, Aleksander"]
[Black "Kawalko, Adam"]
[Result "*"]
[WhiteElo "1692"]
[BlackElo "1950"]
[Annotator "ChessBase"]
[PlyCount "30"]
[EventDate "2020.08.15"]
[EventType "swiss"]
[EventCountry "POL"]
[SourceTitle "playchess.com"]
[Source "ChessBase"]
[SourceQuality "1"]
[TimeControl "40/5400+30:1800+30"]

1. d4 {[%emt 0:00:00]} Nf6 2. c4 {[%emt 0:00:00]} e6 {[%emt 0:01:16]} 3. Nf3 {[%emt 0:00:00]} c5 {[%emt 0:01:19]} 4. g3 {[%emt 0:00:14]} cxd4 {[%emt 0:03:17]} 5. Nxd4 Bb4+ {[%emt 0:01:31]} 6. Bd2 {[%emt 0:00:51]} Be7 {[%emt 0:03:40]} 7. Bg2 {[%emt 0:02:08]} O-O {[%emt 0:08:00]} 8. Nc3 {[%emt 0:02:40]} Nc6 {[%emt 0:06:01]} 9. Bf4 {[%emt 0:13:58]} Nh5 {[%emt 0:19:06]} 10. Be3 {[%emt 0:19:43]} a6 {[%emt 0:10:04]} 11. O-O {[%emt 0:02:22]} f5 {[%emt 0:05:50]} 12. Na4 {[%emt 0:08:36]} Ne5 {[%emt 0:06:55]} 13. Qc1 {[%emt 0:10:56]} Qc7 {[%emt 0:06:49]} 14. Rd1 {[%emt 0:04:50]} Nf3+ {[%emt 0:09:00]} 15. Bxf3 {[%emt 0:06:13]} f4 {[%emt 0:03:06]} *

[Event "56th Rubinstein Memorial C 2020"]
[Site "Polanica Zdroj"]
[Date "2020.08.16"]
[Round "2.9"]
[White "Janzer, Hubert"]
[Black "Komendecki, Antoni"]
[Result "1-0"]
[WhiteElo "1893"]
[BlackElo "1631"]
[Annotator "NA"]
[PlyCount "63"]
[EventDate "2020.08.15"]
[EventType "swiss"]
[EventCountry "POL"]
[SourceTitle "playchess.com"]
[Source "ChessBase"]
[SourceQuality "1"]
[TimeControl "40/5400+30:1800+30"]

1. e4 {[%emt 0:00:00]} e5 {[%emt 0:00:00]} 2. Nf3 {[%emt 0:00:00]} Nc6 {[%emt 0:00:00]} 3. Nc3 {[%emt 0:00:00]} Nf6 {[%emt 0:00:03]} 4. Bb5 {[%emt 0:00:00]} Bb4 {[%emt 0:00:17]} 5. O-O {[%emt 0:00:00]} d6 {[%emt 0:00:21]} 6. Nd5 {[%emt 0:00:14]} Nxe4 {[%emt 0:00:27]} 7. Nxb4 {[%emt 0:00:40]} Ng5 {[%emt 0:00:51]} 8. Nxc6 {[%emt 0:00:15]} Qd7 {[%emt 0:00:27]} 9. Nxa7 {[%emt 0:00:50]} c6 {[%emt 0:00:39]} 10. Nxc8 {[%emt 0:00:39]} Rxc8 {[%emt 0:00:22]} 11. Bc4 {[%emt 0:01:25]} Nxf3+ {[%emt 0:00:17]} 12. Qxf3 {[%emt 0:00:15]} O-O {[%emt 0:00:13]} 13. Re1 {[%emt 0:01:07]} d5 {[%emt 0:00:14]} 14. Bb3 {[%emt 0:00:29]} e4 {[%emt 0:00:19]} 15. Qh3 {[%emt 0:00:30]} Qe7 {[%emt 0:00:32]} 16. d3 {[%emt 0:00:34]} Rce8 {[%emt 0:00:20]} 17. Qg3 {[%emt 0:01:25]} g6 {[%emt 0:00:47]} 18. Bh6 {[%emt 0:00:43]} f5 {[%emt 0:05:03]} 19. Bxf8 {[%emt 0:00:33]} Rxf8 {[%emt 0:00:11]} 20. dxe4 {[%emt 0:00:58]} Re8 {[%emt 0:00:04]} 21. Qe3 {[%emt 0:00:50]} fxe4 {[%emt 0:01:05]} 22. f3 {[%emt 0:01:05]} c5 {[%emt 0:00:32]} 23. Bxd5+ {[%emt 0:00:00]} Kf8 {[%emt 0:01:10]} 24. Qh6+ {[%emt 0:00:00]} Qg7 {[%emt 0:00:15]} 25. Qxg7+ {[%emt 0:00:00]} Kxg7 {[%emt 0:00:07]} 26. Rxe4 {[%emt 0:00:00]} Rf8 {[%emt 0:00:08]} 27. Re7+ {[%emt 0:00:07]} Kf6 {[%emt 0:00:15]} 28. Rxh7 {[%emt 0:00:28]} Ke5 {[%emt 0:00:19]} 29. Rf7 {[%emt 0:00:35]} Re8 {[%emt 0:00:17]} 30. Re1+ {[%emt 0:00:14]} Kxd5 {[%emt 0:00:14]} 31. Rxe8 {[%emt 0:00:09]} Kd6 {[%emt 0:00:17]} 32. Rg7 {[%emt 0:01:25]} 1-0

[Event "56th Rubinstein Memorial C 2020"]
[Site "Polanica Zdroj"]
[Date "2020.08.16"]
[Round "2.10"]
[White "Szopa, Emilia"]
[Black "Lewandrowski, Tomasz"]
[Result "0-1"]
[WhiteElo "1628"]
[BlackElo "1879"]
[Annotator "NA RC"]
[PlyCount "68"]
[EventDate "2020.08.15"]
[EventType "swiss"]
[EventCountry "POL"]
[SourceTitle "playchess.com"]
[Source "ChessBase"]
[SourceQuality "1"]
[TimeControl "40/5400+30:1800+30"]

1. e4 c5 2. Ne2 e5 3. g3 d5 4. Bg2 dxe4 5. Bxe4 Nc6 6. O-O Bh3 7. Bg2 Bxg2 8. Kxg2 Nf6 9. Nbc3 Be7 {[%emt 0:12:56]} 10. d3 {[%emt 0:13:12]} O-O {[%emt 0:00:30]} 11. f4 {[%emt 0:00:30]} exf4 {[%emt 0:00:30]} 12. Bxf4 {[%emt 0:00:30]} Nd4 {[%emt 0:00:30]} 13. Nxd4 {[%emt 0:00:30]} cxd4 {[%emt 0:00:30]} 14. Ne4 {[%emt 0:00:30]} Rc8 {[%emt 0:00:30]} 15. Nxf6+ {[%emt 0:00:30]} Bxf6 {[%emt 0:00:30]} 16. Rf2 {[%emt 0:00:30]} Qb6 {[%emt 0:00:30]} 17. Rb1 {[%emt 0:00:30]} Rc5 {[%emt 0:00:30]} 18. Kg1 {[%emt 0:00:30]} Rfc8 {[%emt 0:00:30]} 19. b3 {[%emt 0:00:30]} Qc6 {[%emt 0:00:30]} 20. h4 {[%emt 0:00:30]} Rxc2 {[%emt 0:00:30]} 21. Rxc2 {[%emt 0:00:30]} Qxc2 {[%emt 0:00:30]} 22. Qxc2 {[%emt 0:00:30]} Rxc2 {[%emt 0:00:30]} 23. Rc1 {[%emt 0:00:30]} Rxc1+ {[%emt 0:00:30]} 24. Bxc1 {[%emt 0:00:30]} Be5 {[%emt 0:00:30]} 25. Bf4 {[%emt 0:00:30]} Bxf4 {[%emt 0:00:30]} 26. gxf4 {[%emt 0:00:30]} f5 {[%emt 0:00:30]} 27. Kf2 {[%emt 0:00:30]} Kf7 {[%emt 0:00:30]} 28. Kg3 {[%emt 0:00:30]} Kg6 {[%emt 0:00:30]} 29. Kh3 {[%emt 0:00:30]} Kh5 {[%emt 0:00:30]} 30. Kg3 {[%emt 0:00:30]} h6 {[%emt 0:00:30]} 31. Kh3 {[%emt 0:00:30]} g5 {[%emt 0:00:30]} 32. Kg3 {[%emt 0:00:30]} gxf4+ {[%emt 0:00:30]} 33. Kxf4 {[%emt 0:00:30]} Kxh4 {[%emt 0:00:30]} 34. Kxf5 {[%emt 0:00:30]} Kg3 {[%emt 0:00:30]} 0-1

[Event "56th Rubinstein Memorial C 2020"]
[Site "Polanica Zdroj"]
[Date "2020.08.16"]
[Round "2.11"]
[White "Rudecki, Bartosz"]
[Black "Demski, Michal"]
[Result "1-0"]
[WhiteElo "1831"]
[BlackElo "1617"]
[Annotator "NA"]
[PlyCount "53"]
[EventDate "2020.08.15"]
[EventType "swiss"]
[EventCountry "POL"]
[SourceTitle "playchess.com"]
[Source "ChessBase"]
[SourceQuality "1"]
[TimeControl "40/5400+30:1800+30"]

1. e4 {[%emt 0:00:00]} d6 {[%emt 0:00:00]} 2. d4 {[%emt 0:00:00]} Nf6 {[%emt 0:00:00]} 3. Nc3 {[%emt 0:00:00]} Nbd7 {[%emt 0:00:00]} 4. Nf3 {[%emt 0:01:06]} e5 {[%emt 0:00:00]} 5. Bc4 {[%emt 0:00:28]} Be7 {[%emt 0:00:00]} 6. O-O {[%emt 0:00:14]} h6 {[%emt 0:00:32]} 7. h3 {[%emt 0:00:44]} c6 {[%emt 0:00:49]} 8. a4 {[%emt 0:00:06]} Qc7 {[%emt 0:00:52]} 9. Be3 {[%emt 0:01:55]} Nf8 {[%emt 0:08:02]} 10. Nh4 {[%emt 0:02:40]} Nxe4 {[%emt 0:16:37]} 11. Nxe4 {[%emt 0:01:59]} Bxh4 {[%emt 0:01:07]} 12. dxe5 {[%emt 0:00:27]} d5 {[%emt 0:13:15]} 13. Nd6+ {[%emt 0:00:45]} Kd8 {[%emt 0:02:09]} 14. Qh5 {[%emt 0:01:23]} Ng6 {[%emt 0:04:40]} 15. Bd3 {[%emt 0:00:21]} Qe7 {[%emt 0:11:43]} 16. Bxg6 {[%emt 0:01:26]} fxg6 {[%emt 0:00:10]} 17. Qxg6 {[%emt 0:00:15]} Rf8 {[%emt 0:07:51]} 18. Nxc8 {[%emt 0:03:39]} Rxc8 {[%emt 0:04:09]} 19. g3 {[%emt 0:00:06]} Qxe5 {[%emt 0:09:49]} 20. gxh4 {[%emt 0:00:31]} Rf6 {[%emt 0:01:49]} 21. Qxg7 {[%emt 0:03:12]} Qf5 {[%emt 0:02:14]} 22. h5 {[%emt 0:06:13]} Rf7 {[%emt 0:02:53]} 23. Qg4 {[%emt 0:00:28]} Qh7 {[%emt 0:01:12]} 24. Bd4 {[%emt 0:00:46]} Rcc7 {[%emt 0:01:43]} 25. Rae1 {[%emt 0:00:21]} Rg7 {[%emt 0:01:32]} 26. Bf6+ {[%emt 0:00:14]} Rce7 {[%emt 0:00:04]} 27. Qxg7 {[%emt 0:00:23]} 1-0

[Event "56th Rubinstein Memorial C 2020"]
[Site "Polanica Zdroj"]
[Date "2020.08.16"]
[Round "2.12"]
[White "Kieca, Aleksandra"]
[Black "Podgorski, Maciej"]
[Result "1/2-1/2"]
[WhiteElo "1594"]
[BlackElo "1810"]
[Annotator "NA"]
[PlyCount "177"]
[EventDate "2020.08.15"]
[EventType "swiss"]
[EventCountry "POL"]
[SourceTitle "playchess.com"]
[Source "ChessBase"]
[SourceQuality "1"]
[TimeControl "40/5400+30:1800+30"]

1. e4 {[%emt 0:00:00]} c5 {[%emt 0:01:46]} 2. Nf3 {[%emt 0:00:00]} d6 {[%emt 0:00:06]} 3. d4 {[%emt 0:00:00]} cxd4 {[%emt 0:00:06]} 4. Nxd4 {[%emt 0:00:02]} Nf6 {[%emt 0:00:05]} 5. Nc3 {[%emt 0:00:06]} a6 {[%emt 0:00:06]} 6. Be2 {[%emt 0:00:29]} e5 {[%emt 0:00:24]} 7. Nb3 {[%emt 0:00:09]} Be6 {[%emt 0:00:09]} 8. O-O {[%emt 0:00:55]} Be7 {[%emt 0:00:08]} 9. Kh1 {[%emt 0:00:56]} Nbd7 {[%emt 0:01:50]} 10. f4 {[%emt 0:06:25]} exf4 {[%emt 0:01:03]} 11. Bxf4 {[%emt 0:00:17]} Ne5 {[%emt 0:00:07]} 12. Qe1 {[%emt 0:03:43]} O-O {[%emt 0:04:32]} 13. Nd4 {[%emt 0:06:07] B92: Sicilian Najdorf: 6 Be2.} Rc8 {[%emt 0:04:10]} 14. Rd1 {[%emt 0:03:25]} Qb6 {[%emt 0:04:32] [#]} 15. Na4 $146 {[%emt 0:06:56]} ({Predecessor:} 15. Bc1 Qc7 16. Qg3 b5 17. a3 Rfe8 18. Nf5 Bxf5 19. exf5 Kh8 20. h3 h6 21. Rd4 {1-0 (69) Morozevich,A (2787)-Maslak,K (2544) Moscow 2008}) 15... Qa7 {[%emt 0:01:23]} 16. Nc3 b5 {[%emt 0:02:02]} 17. Nf5 {[%emt 0:19:55]} Bxf5 {[%emt 0:03:32]} 18. exf5 {[%emt 0:00:07]} b4 {[%emt 0:01:08]} 19. Nd5 {[%emt 0:01:53]} Nxd5 {[%emt 0:04:00]} 20. Rxd5 {[%emt 0:00:15]} Rxc2 {[%emt 0:00:28]} 21. Bxe5 {[%emt 0:02:11]} dxe5 {[%emt 0:00:06]} 22. Bd3 {[%emt 0:01:53]} Rc6 {[%emt 0:07:57]} 23. Qxe5 {[%emt 0:02:52]} Bf6 {[%emt 0:01:24]} 24. Qe4 {[%emt 0:01:05]} Qb7 {[%emt 0:02:16]} 25. Rc5 {[%emt 0:01:19]} Rfc8 {[%emt 0:00:59]} 26. Rxc6 {[%emt 0:04:16]} Qxc6 {[%emt 0:00:09]} 27. Qxb4 {[%emt 0:00:16]} Rd8 {[%emt 0:01:05]} 28. Qb3 {[%emt 0:03:25]} Be5 {[%emt 0:01:44]} 29. Bc4 {[%emt 0:04:33]} Qf6 {[%emt 0:03:29]} 30. a4 {[%emt 0:18:28]} Rb8 {[%emt 0:07:20]} 31. Qd3 {[%emt 0:00:31]} Rxb2 {[%emt 0:05:00]} 32. Bxa6 {[%emt 0:01:41]} h6 {[%emt 0:00:56]} 33. Bb5 {[%emt 0:01:11]} Qh4 {[%emt 0:02:19]} 34. h3 {[%emt 0:00:29]} Ra2 {[%emt 0:21:50]} 35. Qb3 {[%emt 0:05:36]} Ra1 {[%emt 0:01:29]} 36. Qd3 {[%emt 0:02:54]} Qf4 {[%emt 0:02:47]} 37. g3 {[%emt 0:02:17]} Qf2 {[%emt 0:00:41]} 38. Rxa1 {[%emt 0:01:22]} Bxa1 {[%emt 0:00:30]} 39. Qf1 {[%emt 0:00:40]} Qd4 {[%emt 0:01:43]} 40. Qg2 {[%emt 0:00:00]} Qe5 {[%emt 0:00:00]} 41. Bd3 {[%emt 0:03:55]} Qe3 {[%emt 0:04:56]} 42. Bf1 {[%emt 0:01:38]} Bd4 {[%emt 0:02:07]} 43. Bb5 {[%emt 0:05:16]} h5 {[%emt 0:01:17]} 44. Be2 {[%emt 0:01:26]} h4 {[%emt 0:03:11]} 45. gxh4 {[%emt 0:00:44]} Qa3 {[%emt 0:00:47]} 46. Bb5 {[%emt 0:01:09]} Qb3 {[%emt 0:02:55]} 47. Qa8+ {[%emt 0:03:22]} Kh7 {[%emt 0:00:11]} 48. Qg2 {[%emt 0:00:08]} Qb1+ {[%emt 0:01:24]} 49. Bf1 {[%emt 0:01:05]} Qa1 {[%emt 0:01:37]} 50. Qf3 {[%emt 0:01:51]} Qxa4 {[%emt 0:00:27]} 51. Qe4 {[%emt 0:03:46]} Qa1 {[%emt 0:02:13]} 52. Qd3 {[%emt 0:03:00]} Qb2 {[%emt 0:06:13]} 53. Qe2 {[%emt 0:02:15]} Qc1 {[%emt 0:00:25]} 54. Qh5+ {[%emt 0:00:37]} Kg8 {[%emt 0:00:06]} 55. Qf3 {[%emt 0:00:16]} Qd2 {[%emt 0:02:36]} 56. Qa8+ {[%emt 0:00:35]} Kh7 {[%emt 0:00:02]} 57. Qf3 {[%emt 0:00:14]} Be5 {[%emt 0:03:12]} 58. Qg2 {[%emt 0:00:45]} Qf4 {[%emt 0:01:09]} 59. f6 {[%emt 0:01:02]} Bxf6 {[%emt 0:02:35]} 60. Bd3+ {[%emt 0:00:10]} Kh6 {[%emt 0:01:25]} 61. Qe4 {[%emt 0:01:05]} Qc1+ {[%emt 0:00:37]} 62. Kg2 {[%emt 0:00:19]} Qd2+ {[%emt 0:01:44]} 63. Qe2 {[%emt 0:01:02]} Qc1 {[%emt 0:00:56]} 64. Qe4 {[%emt 0:00:32]} g6 $11 {[%emt 0:00:32]} 65. Be2 {[%emt 0:01:38]} Qe1 {[%emt 0:05:37]} 66. h5 {[%emt 0:01:33]} Bd4 {[%emt 0:03:23]} 67. Qf4+ {[%emt 0:01:03]} g5 {[%emt 0:00:02]} 68. Qd6+ {[%emt 0:00:24]} Kg7 {[%emt 0:02:06]} 69. Qxd4+ {[%emt 0:00:08]} f6 {[%emt 0:00:03]} 70. Qe4 {[%emt 0:00:38]} Qc3 {[%emt 0:00:55]} 71. Qg6+ {[%emt 0:00:51]} Kh8 {[%emt 0:00:05]} 72. Qe8+ {[%emt 0:01:11]} Kg7 {[%emt 0:00:27]} 73. Qe7+ {[%emt 0:00:19]} Kh6 {[%emt 0:01:24]} 74. Qf8+ {[%emt 0:00:29]} Kh7 {[%emt 0:00:05]} 75. Qf7+ {[%emt 0:00:10]} Kh8 {[%emt 0:00:08]} 76. Qe8+ {[%emt 0:02:14]} Kg7 {[%emt 0:00:13]} 77. h6+ {[%emt 0:01:07]} Kxh6 {[%emt 0:00:45]} 78. Qh8+ {[%emt 0:00:07]} Kg6 {[%emt 0:00:08]} 79. Bh5+ {[%emt 0:00:22]} Kf5 {[%emt 0:00:06]} 80. Qh7+ {[%emt 0:00:13]} Ke5 {[%emt 0:00:37]} 81. Qe7+ {[%emt 0:00:11]} Kf4 {[%emt 0:01:32]} 82. Qd6+ {[%emt 0:00:38]} Qe5 {[%emt 0:00:10]} 83. Qxe5+ {[%emt 0:01:18]} Kxe5 {[%emt 0:00:19]} 84. Kf3 {[%emt 0:00:06]} f5 {[%emt 0:00:11]} 85. Kg3 {[%emt 0:00:47]} Kf6 {[%emt 0:00:40]} 86. Bd1 {[%emt 0:00:09]} Ke5 {[%emt 0:01:02]} 87. Bc2 {[%emt 0:00:18]} Kf6 {[%emt 0:00:13]} 88. Kf2 {[%emt 0:00:14]} Ke5 {[%emt 0:00:26]} 89. Kg3 {[%emt 0:00:51]} 1/2-1/2

[Event "56th Rubinstein Memorial C 2020"]
[Site "Polanica Zdroj"]
[Date "2020.08.16"]
[Round "2.13"]
[White "Kielb, Miroslaw"]
[Black "Witkowski, Krzysztof"]
[Result "0-1"]
[WhiteElo "1394"]
[BlackElo "1791"]
[Annotator "NA RC"]
[PlyCount "84"]
[EventDate "2020.08.15"]
[EventType "swiss"]
[EventCountry "POL"]
[SourceTitle "playchess.com"]
[Source "ChessBase"]
[SourceQuality "1"]
[TimeControl "40/5400+30:1800+30"]

1. d4 {[%emt 0:00:00]} d5 {[%emt 0:00:00]} 2. Nf3 {[%emt 0:00:00]} e6 {[%emt 0:00:00]} 3. Bf4 {[%emt 0:00:16]} Bd6 {[%emt 0:00:00]} 4. Qd2 {[%emt 0:01:23]} f5 {[%emt 0:03:50]} 5. Ne5 {[%emt 0:02:23]} Nf6 {[%emt 0:01:39]} 6. f3 {[%emt 0:01:36]} O-O {[%emt 0:05:44]} 7. Nc3 {[%emt 0:09:02]} c6 {[%emt 0:02:28]} 8. O-O-O {[%emt 0:01:02]} Nh5 {[%emt 0:02:04]} 9. Bg5 {[%emt 0:00:58]} Be7 {[%emt 0:00:29]} 10. h4 {[%emt 0:02:18]} Nd7 {[%emt 0:03:06]} 11. e4 {[%emt 0:01:54]} Ng3 {[%emt 0:25:34]} 12. Rg1 {[%emt 0:02:33]} Nf6 {[%emt 0:02:04]} 13. exf5 {[%emt 0:19:01]} exf5 {[%emt 0:06:48]} 14. Be2 {[%emt 0:11:58]} Nfh5 {[%emt 0:05:41]} 15. f4 {[%emt 0:05:09]} Nf6 {[%emt 0:03:39]} 16. Qe3 {[%emt 0:03:41]} Nfe4 {[%emt 0:07:11]} 17. Nxe4 {[%emt 0:03:40]} Nxe4 {[%emt 0:00:10]} 18. Bd3 {[%emt 0:04:44]} Bf6 {[%emt 0:08:53]} 19. Bxe4 {[%emt 0:01:34]} fxe4 {[%emt 0:00:38]} 20. Rdf1 {[%emt 0:06:58]} Qc7 {[%emt 0:01:00]} 21. g4 {[%emt 0:01:12]} Bxe5 {[%emt 0:00:25]} 22. dxe5 {[%emt 0:00:39]} h6 {[%emt 0:00:22]} 23. Bxh6 {[%emt 0:01:11]} gxh6 {[%emt 0:00:06]} 24. g5 {[%emt 0:01:40]} h5 {[%emt 0:00:15]} 25. g6 {[%emt 0:00:37]} Bg4 {[%emt 0:00:43]} 26. Rxg4 {[%emt 0:01:14]} hxg4 {[%emt 0:00:05]} 27. Qg3 {[%emt 0:00:43]} Qd7 {[%emt 0:03:01]} 28. h5 {[%emt 0:00:46]} Qf5 {[%emt 0:00:23]} 29. Qh4 {[%emt 0:00:52]} Rae8 {[%emt 0:01:19]} 30. b3 {[%emt 0:06:02]} e3 {[%emt 0:07:33]} 31. Rg1 {[%emt 0:00:29]} Qxf4 {[%emt 0:01:37]} 32. h6 {[%emt 0:02:48]} Qxe5 {[%emt 0:03:12]} 33. h7+ {[%emt 0:01:25]} Kg7 {[%emt 0:01:04]} 34. Kb1 {[%emt 0:01:04]} e2 {[%emt 0:00:21]} 35. Re1 {[%emt 0:01:03]} Rf1 {[%emt 0:00:47]} 36. a4 {[%emt 0:01:10]} g3 {[%emt 0:00:48]} 37. h8=Q+ {[%emt 0:01:30]} Rxh8 {[%emt 0:00:09]} 38. Qxh8+ {[%emt 0:01:28]} Kxh8 {[%emt 0:00:08]} 39. g7+ {[%emt 0:00:21]} Kxg7 {[%emt 0:00:08]} 40. Rc1 {[%emt 0:00:00]} Rxc1+ {[%emt 0:00:00]} 41. Kxc1 {[%emt 0:00:56]} e1=R+ {[%emt 0:00:15]} 42. Kd2 {[%emt 0:00:10]} Qe3# {[%emt 0:00:04]} 0-1